1236 1705 1885 1782 1471 1213 1637 1161 1326 1472 1243 1852 1266 1774 1136 1722 1551 1561 1503 1744 1664 1792 1434 1687 1932 1177 1229 1997 1710 1374 1795 1219 1523 1782 1122 2000 1482 1087 1744 1676 1933 1849 1883 1658 1615 1439 1128 1755 1439 1677 1061 1348 1468 1460 1210 1886 1991 1305 1580 1466 1996 1605 1564 1775 1897 1565 1127 1502 1349 1807 1099 1703 1427 1963 1972 1203 1335 1090 1167 1903 1317 1022 1380 1039 1487 1290 1538 1676 1001 1974 1068 1940 1984 1303 1897 1215 1673 1658 1762 BCNSPRNW ULIB Ver.6.0+V

เปลี่ยนเป็นภาษาไทย

Change to English
 แสดงรายละเอียดบรรณานุกรม
  กลับหน้าหลัก

Brief Record : Get Marc (ISO 2709) : E-mail record : QR code < ปิดหน้าต่าง
LEADER : 00000nam 2200000uu 4500
001    13399121298
003     ULIB
008    020711s2555 th a 000 0 tha d
099    ^aวจ.WY18.2^bส761ก
100    ^aสุชาติ เครื่องชัย
245    การปฏิบัติการศึกษาที่มีประสิทธิผล : ประสบการณ์จากสภาพจริง และความคาดหวังของนักศึกษาชั้นปีที่ 1 วิทยาลัยพยาบาลบรมราชชนี นครลำปาง/^cสุชาติ เครื่องชัย,ถาวร ล่อกา,พัชร์นันทน์ วิวรากานนท์,นงลักษณ์ พรหมติงการ
260    ^aลำปาง :^bวิทยาลัยพยาบาลบรมราชชนี นครลำปาง,^c2555
300    ^a74 หน้า
650  7 การเรียน^xนักศึกษาพยาบาล^xวิจัย
700 0  ถาวร ล่อกา
700 0  พัชร์นันทน์ วิวรากานนท์
700 0  นงลักษณ์ พรหมติงการ
710 1  ^aวิทยาลัยพยาบาลบรมราชชนี นครลำปาง
945    ^p0^l0^i033055
995    ทศพร
999 ^a ทศพร
รายการนี้ยังไม่มีแท็ก
คุณยังไม่ได้ล็อกอิน คุณสามารถมีกิจกรรมร่วมกับเว็บไซต์ได้ แต่ต้องล็อกอินก่อน ::
  ล็อกอิน

รายการสื่อสารสนเทศ

ลำดับที่ ประเภท เลขเรียก/บาร์โค้ด สถานที่ สถานะ
1. งานวิจัย
งานวิจัย
วจ.WY18.2 ส761ก ฉ.1 
  Barcode: 033055
ห้องสมุดวิทยาเขตสวรรค์ประชารักษ์
►วิจัย
บนชั้น

รายการใกล้เคียง
    ผู้แต่ง [สุชาติ เครื่องชัย]

BibComment


ยังไม่เคยถูกคอมเมนท์

คอมเมนท์ทรัพยากรรายการนี้
  คอมเมนท์: การปฏิบัติการศึกษ..


 Copyright 2026. Bcnsprnw @Library